000 00605nam a2200205Ia 4500
005 20250923145051.0
008 008 250917s9999 xx 000 0 eng d
037 _aTextual
040 _aDSWL
_beng
_cDSWL
041 _aeng
_2eng
084 _aX:9G5.2.N6, K6
_qDSWL
100 _aVaid, K.N.
_9831458
245 0 _aContract labour in manufacturing industry
_cby K.N. Vaid
260 _aDelhi
_briram Centre for Industrial Research
_c1966
300 _axii,676p.
365 _aINR
_b10.00
925 _g10.00
942 _cTEXL
_hX:9G5.2.N6, K6
999 _c1446691
_d1446691